[Event "Khabarovsk Region-ch"]
[Site "Khabarovsk"]
[Date "2010.07.13"]
[Round "2"]
[White "Meshalkin, Yury P"]
[Black "Khahaev, Dmitriy"]
[Result "1/2-1/2"]
[WhiteElo "2314"]
[BlackElo "2079"]
[PlyCount "81"]
[EventDate "2010.07.12"]
[EventType "swiss"]
[EventRounds "8"]
[EventCountry "RUS"]
[SourceTitle "EXT 2022"]
[Source "ChessBase"]
[SourceDate "2021.10.06"]
[SourceVersion "1"]
[SourceVersionDate "2021.10.06"]
[SourceQuality "1"]

1. d4 Nf6 2. c4 e6 3. Nc3 Bb4 4. a3 Bxc3+ 5. bxc3 d5 6. Nf3 h6 7. Qc2 b6 8. cxd5 exd5 9. g3 0-0 10. Bg2 Ne4 11. Bb2 Bf5 12. Qa4 Nd7 13. c4 c5 14. cxd5 Ndf6 15. dxc5 bxc5 16. Rd1 Qb6 17. Bxf6 Nxf6 18. 0-0 Be4 19. Ne1 Rfe8 20. Bxe4 Rxe4 21. Qc2 Rd4 22. Rxd4 cxd4 23. Nf3 Rd8 24. Rb1 Qa6 25. Nxd4 Nxd5 26. e4 Nb6 27. Nc6 Re8 28. Rb3 Nc4 29. Nb8 Nxa3 30. Qc7 Qc4 31. Qxc4 Nxc4 32. Nc6 Rxe4 33. Rb8+ Kh7 34. Nxa7 Ne5 35. Rb2 Re1+ 36. Kg2 Kg6 37. Nb5 Nd7 38. h4 Nf6 39. Nd4 Re4 40. Ne2 Re7 41. Nf4+ 1/2-1/2

[Event "Vladivostok City at Sea-A"]
[Site "Vladivostok"]
[Date "2009.07.30"]
[Round "6"]
[White "Kravtsov, Sergey"]
[Black "Meshalkin, Yury P"]
[Result "1-0"]
[WhiteElo "2370"]
[BlackElo "2361"]
[PlyCount "61"]
[EventDate "2009.07.25"]
[EventType "tourn"]
[EventRounds "9"]
[EventCountry "RUS"]
[EventCategory "3"]
[SourceTitle "EXT 2022"]
[Source "ChessBase"]
[SourceDate "2021.10.06"]
[SourceVersion "1"]
[SourceVersionDate "2021.10.06"]
[SourceQuality "1"]

1. d4 c5 2. d5 e5 3. e4 d6 4. Nc3 Be7 5. f4 exf4 6. Bxf4 Bf6 7. Nf3 Bxc3+ 8. bxc3 f6 9. Nd2 g5 10. Qh5+ Ke7 11. Bg3 Nd7 12. h4 Ne5 13. hxg5 Qe8 14. gxf6+ Nxf6 15. Qh4 Qg6 16. Bxe5 dxe5 17. Be2 Rg8 18. 0-0-0 Bg4 19. Bf3 h5 20. Kb2 Qg5 21. Qh2 Nd7 22. Bxg4 hxg4 23. d6+ Kd8 24. Rhf1 b5 25. Rf5 Qg6 26. Nb3 a5 27. Qh4+ Kc8 28. Rd5 a4 29. Nxc5 Nb6 30. Qe7 Nxd5 31. Qb7+ 1-0

[Event "RUS-ch Seniors"]
[Site "Tula"]
[Date "2004.05.13"]
[Round "4"]
[White "Meshalkin, Yury P"]
[Black "Kleimenov, Yury Afanasievich"]
[Result "0-1"]
[WhiteElo "2288"]
[BlackElo "2221"]
[PlyCount "120"]
[EventDate "2004.05.??"]
[EventType "swiss"]
[EventRounds "9"]
[EventCountry "RUS"]
[SourceTitle "EXT 2005"]
[Source "ChessBase"]
[SourceDate "2004.11.15"]
[SourceVersion "1"]
[SourceVersionDate "2004.11.15"]
[SourceQuality "1"]

1. Nf3 c5 2. e4 g6 3. Bc4 Bg7 4. 0-0 Nc6 5. Re1 d6 6. c3 e5 7. b4 Nh6 8. b5 Na5 9. Bd5 Rb8 10. d3 Qe7 11. Qa4 b6 12. Nbd2 Be6 13. Nb3 Nxb3 14. axb3 Bxd5 15. exd5 Rb7 16. d4 f6 17. dxe5 dxe5 18. Bxh6 Bxh6 19. Qh4 Bg7 20. Ra6 0-0 21. Nd2 Qf7 22. c4 f5 23. f3 e4 24. Ra2 Bd4+ 25. Kh1 e3 26. Nb1 f4 27. Qh3 Re7 28. Rae2 Kh8 29. Na3 Re5 30. Nc2 Bc3 31. Rd1 Bd2 32. Kg1 Qe7 33. Ra1 Qg7 34. Rf1 Ref5 35. g4 R5f7 36. Qg2 Qc3 37. Na1 a6 38. Rd1 Re7 39. Qf1 Ra7 40. bxa6 Rxa6 41. d6 Ra2 42. d7 Rd8 43. g5 Qd4 44. b4 Qxc4 45. bxc5 bxc5 46. Rb1 Ra7 47. Nb3 Raxd7 48. Nxd2 Rxd2 49. Rxd2 Qxf1+ 50. Kxf1 exd2 51. Ke2 c4 52. Kd1 c3 53. Kc2 Rd5 54. h4 h6 55. Rd1 hxg5 56. hxg5 Rc5 57. Kd3 Kg7 58. Kc2 Kf7 59. Rg1 Ke6 60. Kd1 Ke5 0-1